[Event "HUN-chT2 Szechenyi 1112"]
[Site "Hungary"]
[Date "2012.03.25"]
[Round "8.5"]
[White "Elo, Istvan"]
[Black "Soponyai, Andras"]
[Result "1/2-1/2"]
[WhiteElo "2123"]
[BlackElo "2035"]
[PlyCount "85"]
[EventDate "2011.09.25"]
[EventType "team-tourn"]
[EventRounds "11"]
[EventCountry "HUN"]
[SourceTitle "EXT 2013"]
[Source "ChessBase"]
[SourceDate "2012.11.22"]
[SourceVersion "1"]
[SourceVersionDate "2012.11.22"]
[SourceQuality "1"]
[WhiteTeam "Lovo"]
[BlackTeam "Haladas"]
[WhiteTeamCountry "HUN"]
[BlackTeamCountry "HUN"]

1. e4 e6 2. d3 d5 3. Nd2 c5 4. Ngf3 Nc6 5. g3 Nf6 6. Bg2 Be7 7. 0-0 0-0 8. c3 b6 9. Re1 Ba6 10. Qc2 Rc8 11. exd5 Nxd5 12. Ne4 Nf6 13. Rd1 h6 14. Nxf6+ Bxf6 15. Be3 Re8 16. Rd2 Re7 17. Rad1 Rd7 18. Qb1 Qe7 19. d4 cxd4 20. Nxd4 Nxd4 21. Bxd4 Bxd4 22. Rxd4 Rxd4 23. Rxd4 Rd8 24. Qd1 Rxd4 25. Qxd4 Bb7 26. Bxb7 Qxb7 27. a3 Qd5 28. Qxd5 exd5 29. f4 Kf8 30. Kf2 Ke7 31. Ke3 Kd6 32. Kd4 b5 33. g4 a6 34. b3 f6 35. f5 Kc6 36. b4 Kd6 37. h4 Kc6 38. Ke3 Kd6 39. Kf4 Kd7 40. g5 h5 41. gxf6 gxf6 42. Ke3 Kc6 43. Kf3 1/2-1/2

[Event "HUN-chT2 Szechenyi 1112"]
[Site "Hungary"]
[Date "2012.01.29"]
[Round "5.5"]
[White "Buzeti, Jernej"]
[Black "Elo, Istvan"]
[Result "1/2-1/2"]
[WhiteElo "2301"]
[BlackElo "2123"]
[PlyCount "46"]
[EventDate "2011.09.25"]
[EventType "team-tourn"]
[EventRounds "11"]
[EventCountry "HUN"]
[SourceTitle "EXT 2013"]
[Source "ChessBase"]
[SourceDate "2012.11.22"]
[SourceVersion "1"]
[SourceVersionDate "2012.11.22"]
[SourceQuality "1"]
[WhiteTeam "Alsoszolnok"]
[BlackTeam "Lovo"]
[WhiteTeamCountry "HUN"]
[BlackTeamCountry "HUN"]

1. e4 c5 2. Nf3 d6 3. d4 cxd4 4. Nxd4 Nf6 5. Nc3 a6 6. Be3 e6 7. g4 h6 8. h3 Bd7 9. Bg2 Nc6 10. Qe2 Nxd4 11. Bxd4 e5 12. Be3 Bc6 13. 0-0-0 Qc7 14. Nd5 Bxd5 15. exd5 Be7 16. Kb1 Rc8 17. f4 Nd7 18. Rhe1 Bh4 19. Rf1 0-0 20. Qd2 exf4 21. Bxf4 Bf6 22. Be3 Rfe8 23. c3 Ne5 1/2-1/2

[Event "HUN-chT2 Szechenyi 1112"]
[Site "Hungary"]
[Date "2011.11.13"]
[Round "3.5"]
[White "Gabor, Attila"]
[Black "Elo, Istvan"]
[Result "0-1"]
[WhiteElo "1912"]
[BlackElo "2123"]
[PlyCount "56"]
[EventDate "2011.09.25"]
[EventType "team-tourn"]
[EventRounds "11"]
[EventCountry "HUN"]
[SourceTitle "EXT 2013"]
[Source "ChessBase"]
[SourceDate "2012.11.22"]
[SourceVersion "1"]
[SourceVersionDate "2012.11.22"]
[SourceQuality "1"]
[WhiteTeam "Arboretum"]
[BlackTeam "Lovo"]
[WhiteTeamCountry "HUN"]
[BlackTeamCountry "HUN"]

1. e4 c5 2. Nf3 d6 3. d4 cxd4 4. Nxd4 Nf6 5. Bd3 a6 6. Nc3 e6 7. 0-0 Be7 8. Be3 Bd7 9. Kh1 Nc6 10. f4 Qc7 11. f5 Nxd4 12. Bxd4 e5 13. Be3 Bc6 14. Qf3 0-0 15. Nd5 Bxd5 16. exd5 Rfe8 17. Be4 Qc4 18. Bd3 Qxd5 19. Qxd5 Nxd5 20. Bd2 Nf6 21. Be2 d5 22. g4 Rac8 23. c3 Bc5 24. Rad1 h6 25. h4 d4 26. g5 hxg5 27. hxg5 Ne4 28. g6 Ng3+ 0-1

[Event "HUN-chT2 Szechenyi 1011"]
[Site "Hungary"]
[Date "2011.04.17"]
[Round "9.3"]
[White "Elo, Istvan"]
[Black "Saghy, Attila"]
[Result "1-0"]
[WhiteElo "2132"]
[BlackElo "1951"]
[PlyCount "77"]
[EventDate "2010.09.12"]
[EventType "team-tourn"]
[EventRounds "11"]
[EventCountry "HUN"]
[SourceTitle "EXT 2012"]
[Source "ChessBase"]
[SourceDate "2011.11.24"]
[SourceVersion "1"]
[SourceVersionDate "2011.11.24"]
[SourceQuality "1"]
[WhiteTeam "Lovo"]
[BlackTeam "FKMK"]
[WhiteTeamCountry "HUN"]
[BlackTeamCountry "HUN"]

1. e4 e6 2. d3 d5 3. Nd2 Nf6 4. Ngf3 b6 5. e5 Nfd7 6. d4 c5 7. c3 cxd4 8. cxd4 a6 9. Bd3 Nc6 10. 0-0 Be7 11. Nb3 Bb7 12. Be3 Nb4 13. Bb1 b5 14. a3 Nc6 15. Nbd2 Na5 16. Bd3 Nc4 17. Nxc4 dxc4 18. Be2 Nb6 19. Nd2 Bg5 20. Bf3 Bd5 21. Ne4 Bxe4 22. Bxe4 Nd5 23. Bxg5 Qxg5 24. f4 Qe7 25. Qf3 Rd8 26. f5 g6 27. f6 Qa7 28. Rfd1 Rd7 29. Rac1 Nc7 30. Bc6 Nd5 31. Bxd7+ Kxd7 32. a4 Qb6 33. axb5 Qxb5 34. Qa3 Rc8 35. Ra1 Rc6 36. Qf8 Nf4 37. Qxf7+ Kc8 38. Qe8+ Kb7 39. f7 1-0

[Event "HUN-chT2 Szechenyi 1011"]
[Site "Hungary"]
[Date "2010.10.24"]
[Round "4.4"]
[White "Suket, Ferenc"]
[Black "Elo, Istvan"]
[Result "0-1"]
[WhiteElo "2022"]
[BlackElo "2132"]
[PlyCount "82"]
[EventDate "2010.09.12"]
[EventType "team-tourn"]
[EventRounds "11"]
[EventCountry "HUN"]
[SourceTitle "EXT 2012"]
[Source "ChessBase"]
[SourceDate "2011.11.24"]
[SourceVersion "1"]
[SourceVersionDate "2011.11.24"]
[SourceQuality "1"]
[WhiteTeam "Baki Agrocentrum"]
[BlackTeam "Lovo"]
[WhiteTeamCountry "HUN"]
[BlackTeamCountry "HUN"]

1. e4 c5 2. Nf3 d6 3. d4 cxd4 4. Nxd4 Nf6 5. Nc3 a6 6. a4 e6 7. Be3 Be7 8. Bc4 Bd7 9. 0-0 Nc6 10. h3 Qc7 11. Qe2 Rc8 12. Rfd1 Nxd4 13. Rxd4 e5 14. Bxf7+ Kxf7 15. Rdd1 Rhf8 16. a5 Qc4 17. Qxc4+ Rxc4 18. f3 Be6 19. Rd2 Rfc8 20. Bb6 Rb4 21. Nd1 d5 22. c3 Rb5 23. exd5 Rxd5 24. Re2 Bc5+ 25. Bxc5 Rcxc5 26. c4 Rd3 27. Ne3 Rb3 28. Kf2 Nd7 29. Rc2 Rc6 30. Rd1 Nc5 31. Ke2 Rb4 32. Nd5 Rb3 33. h4 Na4 34. Ne3 Rxb2 35. Rxb2 Nxb2 36. Rb1 Nxc4 37. Rxb7+ Kf6 38. Nxc4 Bxc4+ 39. Ke3 Bb5 40. g4 Rc3+ 41. Kf2 Rxf3+ 0-1

[Event "HUN-chT2 Szechenyi 1011"]
[Site "Hungary"]
[Date "2010.10.10"]
[Round "3.3"]
[White "Parej, Jozsef"]
[Black "Elo, Istvan"]
[Result "1/2-1/2"]
[WhiteElo "1975"]
[BlackElo "2132"]
[PlyCount "64"]
[EventDate "2010.09.12"]
[EventType "team-tourn"]
[EventRounds "11"]
[EventCountry "HUN"]
[SourceTitle "EXT 2012"]
[Source "ChessBase"]
[SourceDate "2011.11.24"]
[SourceVersion "1"]
[SourceVersionDate "2011.11.24"]
[SourceQuality "1"]
[WhiteTeam "Tapolca"]
[BlackTeam "Lovo"]
[WhiteTeamCountry "HUN"]
[BlackTeamCountry "HUN"]

1. e4 c5 2. Nf3 d6 3. d4 cxd4 4. Nxd4 Nf6 5. Nc3 a6 6. Bc4 e6 7. Bb3 Be7 8. Be3 Qc7 9. g4 h5 10. g5 Ng4 11. Bc1 Ne5 12. Qe2 Nbc6 13. Nxc6 Nxc6 14. Be3 Bd7 15. 0-0-0 Na5 16. f4 Nxb3+ 17. axb3 Bc6 18. Rhf1 0-0-0 19. f5 e5 20. Qf2 Rdf8 21. h4 g6 22. Nd5 Bxd5 23. Rxd5 Qc6 24. f6 Bd8 25. Rfd1 Bc7 26. R1d3 Kb8 27. Rc3 Qd7 28. Ba7+ Ka8 29. Bb6 Rc8 30. Rcd3 Rhd8 31. Bxc7 Qxc7 32. c3 Rd7 1/2-1/2

[Event "HUN-chT2 Szechenyi 1011"]
[Site "Hungary"]
[Date "2010.09.26"]
[Round "2.2"]
[White "Lang, Gusztav"]
[Black "Elo, Istvan"]
[Result "0-1"]
[WhiteElo "2021"]
[BlackElo "2132"]
[PlyCount "116"]
[EventDate "2010.09.12"]
[EventType "team-tourn"]
[EventRounds "11"]
[EventCountry "HUN"]
[SourceTitle "EXT 2012"]
[Source "ChessBase"]
[SourceDate "2011.11.24"]
[SourceVersion "1"]
[SourceVersionDate "2011.11.24"]
[SourceQuality "1"]
[WhiteTeam "Sarvar"]
[BlackTeam "Lovo"]
[WhiteTeamCountry "HUN"]
[BlackTeamCountry "HUN"]

1. e4 c5 2. Nf3 d6 3. d4 cxd4 4. Nxd4 Nf6 5. Nc3 a6 6. Be2 e5 7. Nb3 Be6 8. Be3 Be7 9. 0-0 0-0 10. Qd2 Qc7 11. f4 Nbd7 12. Nd5 Bxd5 13. exd5 Nb6 14. Bxb6 Qxb6+ 15. Kh1 Ne4 16. Qe1 Bf6 17. Bd3 Nc5 18. Nxc5 Qxc5 19. Qe4 g6 20. f5 Kg7 21. Rf3 Qd4 22. c3 Qxe4 23. Bxe4 Rac8 24. b3 Rc5 25. c4 b5 26. cxb5 axb5 27. Raf1 b4 28. fxg6 fxg6 29. h3 Be7 30. Rxf8 Bxf8 31. Rf2 Rc1+ 32. Kh2 Re1 33. Bd3 Be7 34. Re2 Rd1 35. Bc4 Bg5 36. g3 Rd4 37. Kg2 e4 38. h4 Bh6 39. Kf2 Kf6 40. Kg2 Ke5 41. Rc2 Rd1 42. Kf2 Kd4 43. Be2 Be3+ 44. Kg2 Rg1+ 45. Kh2 Kxd5 46. Rc7 Ra1 47. Bc4+ Ke5 48. Re7+ Kf5 49. Rf7+ Ke5 50. Re7+ Kd4 51. Rxh7 Rxa2+ 52. Kh3 d5 53. Rd7 Ra5 54. g4 Ke5 55. Be2 Ra2 56. Bb5 Bf4 57. g5 Rh2+ 58. Kg4 Rg2+ 0-1

[Event "HUN-chT2 Szechenyi 0910"]
[Site "Hungary"]
[Date "2009.11.22"]
[Round "2.3"]
[White "Balogh, Mate"]
[Black "Elo, Istvan"]
[Result "1-0"]
[WhiteElo "2047"]
[BlackElo "2136"]
[PlyCount "120"]
[EventDate "2009.11.08"]
[EventType "team-tourn"]
[EventRounds "11"]
[EventCountry "HUN"]
[SourceTitle "EXT 2011"]
[Source "ChessBase"]
[SourceDate "2010.11.26"]
[SourceVersion "1"]
[SourceVersionDate "2010.11.26"]
[SourceQuality "1"]
[WhiteTeam "HVSE Infraplan"]
[BlackTeam "FKMK"]
[WhiteTeamCountry "HUN"]
[BlackTeamCountry "HUN"]

1. Nf3 Nf6 2. d3 d5 3. Nbd2 g6 4. c3 Bg7 5. e4 dxe4 6. dxe4 0-0 7. Qc2 c5 8. Be2 Nc6 9. 0-0 Qc7 10. h3 Nh5 11. Re1 Nf4 12. Bf1 h6 13. Nc4 b5 14. Bxf4 Qxf4 15. Ne3 Ne5 16. Nxe5 Bxe5 17. g3 Qf6 18. f4 Bb8 19. e5 Bxe5 20. fxe5 Qxe5 21. Qg2 Be6 22. Bxb5 Rab8 23. Bc6 Qc7 24. Nd5 Bxd5 25. Bxd5 e6 26. Bc4 Kg7 27. Kh2 h5 28. h4 e5 29. b3 f5 30. Qd5 e4 31. Rad1 Rbd8 32. Qe6 Rfe8 33. Qa6 f4 34. Rxd8 fxg3+ 35. Kg2 Rxd8 36. Rxe4 Rd2+ 37. Re2 Rd6 38. Qb5 Rf6 39. Qe8 Qb7+ 40. Qe4 Rf2+ 41. Kxg3 Qxe4 42. Rxe4 Rxa2 43. Re7+ Kf6 44. Re6+ Kf5 45. Rc6 a5 46. Bd3+ Ke5 47. Rxc5+ Kf6 48. Rc6+ Ke7 49. Bxg6 Rb2 50. Bxh5 Rxb3 51. Bd1 Rb1 52. Ba4 Ra1 53. Rc4 Kd6 54. Kf4 Kd5 55. Rd4+ Kc5 56. Ke3 Rh1 57. Kd2 Rh2+ 58. Kd3 Rh3+ 59. Kc2 Rh2+ 60. Kb3 Rh1 1-0